Counties of Hungary Map Quiz - Statistics

General Stats
  • This quiz has been taken 254 times
  • The average score is 13 of 20
Answers on the Map
Answers color-coded by a green-red scale on the quiz's map according to % correct below.
 
Answer Stats
Answer % Correct
Budapest
94%
Pest
90%
Győr-Moson-Sopron
71%
Nógrád
66%
Veszprém
66%
Vas
65%
Komárom-Esztergom
64%
Baranya
61%
Fejér
61%
Csongrád-Csanád
60%
Hajdú-Bihar
60%
Zala
60%
Tolna
59%
Bács-Kiskun
58%
Borsod-Abaúj-Zemplén
58%
Heves
58%
Békés
57%
Jász-Nagykun-Szolnok
57%
Szabolcs-Szatmár-Bereg
57%
Somogy
55%
No matching quizzes found
Score Distribution
Percent of People with Each Score
Percentile by Number Answered
Your Score History
You have not taken this quiz